[Event "Mechanics' Spring TNM; G/2 d5"]
[Site "San Francisco"]
[Date "2018.03.27"]
[Round "2.25"]
[White "Giridharan, Durgashankar"]
[Black "Cheng, Alfonso"]
[Result "0-1"]
[WhiteElo "1489"]
[BlackElo "1959"]
[Annotator "Donaldson"]
[PlyCount "88"]
[EventDate "2018.??.??"]
[Source "ChessBase"]
[SourceDate "2007.09.04"]

1. e4 c5 2. Nf3 Nc6 3. d4 cxd4 4. Nxd4 Nf6 5. Nc3 g6 6. Be3 (6. Nxc6 bxc6 (6...
dxc6) 7. e5) 6... Bg7 7. f3 a6 8. Qd2 O-O 9. O-O-O Nxd4 10. Bxd4 b5 11. Nd5 Rb8
12. Kb1 Re8 13. Nxf6+ exf6 14. h4 d5 15. Be3 Bb7 16. exd5 Bxd5 17. Bf4 Rc8 18.
h5 Qe7 19. hxg6 Red8 20. gxh7+ Kh8 21. Bd3 Qe6 22. a3 b4 23. Qxb4 f5 24. Rhe1
Ba2+ 25. Ka1 Qd5 26. Be2 Qe6 27. Rxd8+ Rxd8 28. c4 a5 29. Qxa5 Rd4 30. g3 Bb3
31. Qb4 Qxe2 32. Qb8+ Kxh7 33. Rh1+ Kg6 34. Qxb3 Qe6 35. Rc1 Rd8 36. Ka2 Ra8
37. c5 Qe2 38. Rc2 Qd1 39. Rd2 Qg1 40. Qd5 Ra5 41. b4 Qa1+ 42. Kb3 Qc3+ 43. Ka2
Rxa3+ 44. Kb1 Ra1# 0-1

[Event "Mechanics' Summer TNM; G/2 d5"]
[Site "San Francisco"]
[Date "2018.06.05"]
[Round "2.13"]
[White "Gomboluudev, Enkhjin"]
[Black "Argo, Guy"]
[Result "0-1"]
[WhiteElo "1723"]
[BlackElo "1940"]
[PlyCount "60"]
[EventDate "2018.??.??"]
[Source "ChessBase"]
[SourceDate "2007.09.04"]

1. d4 f5 2. c4 e6 3. Nf3 Nf6 4. Bg5 Bb4+ 5. Nc3 Bxc3+ 6. bxc3 O-O 7. e3 d6 8.
Qb3 c5 9. Be2 Qe8 10. Bf4 Ne4 11. Bd3 Nd7 12. Bxe4 fxe4 13. Nd2 e5 14. Bg3 exd4
15. cxd4 Qe7 16. O-O Nf6 17. Rab1 Nh5 18. Nxe4 Qxe4 19. Bxd6 Rf6 20. Bxc5 b6
21. Ba3 Bh3 22. f3 Qg6 23. Rb2 Re8 24. d5 Qh6 25. gxh3 Rxe3 26. Qa4 Nf4 27. Qd7
Rxa3 28. d6 Qxh3 29. Qe8+ Rf8 30. d7 Rd3 $138 0-1

[Event "Mechanics' Winter TNM; G/2 d5"]
[Site "San Francisco"]
[Date "2018.02.27"]
[Round "8.13"]
[White "Gomboluudev, Enkhjin"]
[Black "Boldi, Ethan"]
[Result "0-1"]
[WhiteElo "1712"]
[BlackElo "1920"]
[PlyCount "56"]
[EventDate "2018.??.??"]
[Source "ChessBase"]
[SourceDate "2007.09.04"]

1. d4 e6 2. c4 d5 3. Nf3 Nf6 4. Bg5 Bb4+ 5. Nc3 Nbd7 6. Rc1 h6 7. Bh4 c6 8. a3
Bxc3+ 9. Rxc3 Qb6 10. b4 a5 11. c5 Qa7 12. e3 Ne4 13. Rb3 axb4 14. axb4 Qa1 15.
Rb1 Qc3+ 16. Nd2 Ra2 17. Rc1 Qxd2+ 18. Qxd2 Nxd2 19. Bd3 Ne4 20. O-O O-O 21. f3
Nef6 22. b5 Ra3 23. bxc6 bxc6 24. Rfd1 Ba6 25. Bxa6 Rxa6 26. Rb1 Raa8 27. Re1
Rfb8 28. Rxb8+ Rxb8 {and Black later won.} 0-1

[Event "Mechanics' Spring TNM; G/2 d5"]
[Site "San Francisco"]
[Date "2018.03.20"]
[Round "1.33"]
[White "Gomboluudev, Enkhjin"]
[Black "Cowgill, Jackie"]
[Result "1-0"]
[WhiteElo "1712"]
[BlackElo "1080"]
[PlyCount "55"]
[EventDate "2018.??.??"]
[Source "ChessBase"]
[SourceDate "2007.09.04"]

1. d4 d5 2. c4 Nc6 3. Nc3 dxc4 4. Nf3 Nf6 5. d5 Na5 6. e4 Bg4 7. Qa4+ c6 8. Ne5
b5 9. Qc2 e6 10. Nxc6 Nxc6 11. dxc6 Bb4 12. f3 Bxc3+ 13. bxc3 Bh5 14. a4 a6 15.
Rb1 O-O 16. axb5 Qc7 17. Bxc4 axb5 18. Bxb5 Ne8 19. O-O Nd6 20. c4 Bg6 21. Bf4
Qe7 22. Qc3 Rfc8 23. Rfd1 Nxb5 24. cxb5 Ra2 25. b6 Ra3 26. Qb4 Qxb4 27. Rxb4
Rc3 28. b7 1-0

[Event "Mechanics' Winter TNM; G/2 d5"]
[Site "San Francisco"]
[Date "2018.02.06"]
[Round "5.30"]
[White "Gomboluudev, Enkhjin"]
[Black "Cunningham, Charles"]
[Result "1-0"]
[WhiteElo "1712"]
[BlackElo "1406"]
[PlyCount "65"]
[EventDate "2018.??.??"]
[Source "ChessBase"]
[SourceDate "2007.09.04"]

1. d4 e6 2. c4 b6 3. Nc3 Nf6 4. e4 h6 5. e5 Nh7 6. a3 Be7 7. Qg4 Bg5 8. f4 h5
9. Qf3 Bh4+ 10. g3 Bxg3+ 11. hxg3 Nc6 12. d5 Nd4 13. Qd3 Nb3 14. Rb1 Nc5 15.
Qf3 g6 16. b4 Nb7 17. Bd3 a5 18. dxe6 dxe6 19. Be4 Ra7 20. Nb5 Ra8 21. Bxb7
Bxb7 22. Qxb7 O-O 23. Qe4 axb4 24. axb4 Qd7 25. Nf3 Rfd8 26. O-O c6 27. Nd6 Nf6
28. exf6 Qxd6 29. Ne5 c5 30. Nxg6 Qd4+ 31. Qxd4 cxd4 32. Ne5 d3 33. Rd1 1-0

[Event "Mechanics' Spring TNM; G/2 d5"]
[Site "San Francisco"]
[Date "2018.03.27"]
[Round "2.9"]
[White "Gomboluudev, Enkhjin"]
[Black "Elisman, Maxim Gre"]
[Result "0-1"]
[WhiteElo "1712"]
[BlackElo "1986"]
[Annotator "Donaldson"]
[PlyCount "76"]
[EventDate "2018.??.??"]
[Source "ChessBase"]
[SourceDate "2007.09.04"]

1. d4 d5 2. c4 c6 3. Nc3 Nf6 4. Nf3 e6 5. Bg5 dxc4 6. e4 b5 7. e5 h6 8. Bh4 g5
9. Nxg5 hxg5 10. Bxg5 Nbd7 11. g3 Qa5 12. Bxf6 (12. exf6 {is the main line.})
12... Nxf6 13. exf6 Bb7 14. Bg2 O-O-O 15. O-O Qb6 16. Qf3 Rxd4 17. Rad1 a6 18.
Rxd4 Qxd4 19. Rd1 Qe5 20. Qe3 Qxe3 21. fxe3 Bc5 22. Re1 Bb4 23. g4 Bd6 24. h3
Be5 25. Rf1 c5 26. Bxb7+ Kxb7 27. Kg2 Kc6 28. g5 Bxc3 29. bxc3 Rh5 30. h4 Rxh4
31. Kg3 Rh8 32. Kf4 a5 {Diagram [#]} 33. Ke5 (33. g6 $1 $18) 33... Rg8 (33...
Rh5 $1) 34. Rg1 Rg6 {Stopping g6.} 35. Rg4 b4 36. Kf4 $2 (36. Rg2 b3 37. a4 $1
b2 38. Rxb2 Rxg5+ 39. Ke4 Rf5 40. Rb6+ $3 $11) 36... b3 (36... Kb5 $1) 37. Rh4
(37. a4 $1 $11) 37... a4 $2 (37... Kb5 $1 {wins.}) 38. a3 e5+ {
and White lost on time as 39.Kf5 or 39.Kg4 draw.} 0-1

[Event "Mechanics' Spring TNM; G/2 d5"]
[Site "San Francisco"]
[Date "2018.04.17"]
[Round "5.29"]
[White "Gomboluudev, Enkhjin"]
[Black "Harris, Clarence"]
[Result "1-0"]
[WhiteElo "1712"]
[BlackElo "1400"]
[Annotator "Winslow,Elliott"]
[PlyCount "70"]
[EventDate "2018.??.??"]
[Source "ChessBase"]
[SourceDate "2007.09.04"]

1. d4 Nf6 2. c4 g6 3. Nc3 Bg7 4. e4 d6 5. Nf3 O-O 6. Be2 e5 7. d5 Nbd7 8. O-O
Nc5 9. Qc2 a5 10. Bg5 h6 11. Be3 {
This is quite an old position, as is Black's continuation} Ng4 $6 (11... b6) (
11... Nh5) (11... Ne8) (11... Nfd7) 12. Bxc5 dxc5 13. h3 Nf6 14. Nxe5 Re8 $6 (
14... Nxd5 15. cxd5 Bxe5 16. f4 Bd4+ {was the big position (which hasn't been
so great for Black after all, notwithstanding RJF's win).} 17. Kh2 (17. Kh1 Qh4
{0-1 (65) Gligoric,S-Fischer,R Siegen 1970}) 17... g5 $5) 15. Nf3 $6 (15. f4)
15... Nh5 (15... Nh7) 16. Nd2 $2 (16. Rfe1 $18) 16... Nf4 $17 17. Nf3 $6 {[#]}
f5 $2 (17... Bxh3 $1 18. g3 (18. gxh3 Qd7 19. Qd2 g5 20. Ne1 Qxh3)) 18. Qd2 $2
(18. e5 $1 $16) 18... Nxe2+ (18... Nxh3+ $5 19. gxh3 fxe4 20. Nh2 Bxh3) 19.
Qxe2 fxe4 20. Nxe4 Bf5 21. Nfd2 Bxb2 22. Rab1 Bc3 23. f3 Qh4 (23... b6 $5) 24.
Rxb7 Bd4+ $6 25. Kh1 Bc3 $2 26. Qf2 $18 Qxf2 27. Rxf2 Bd4 28. Rf1 Re7 29. Rb5
Be3 30. g4 Bd7 31. Nf6+ Kg7 32. Nxd7 Rxd7 33. Ne4 Re7 34. Rfb1 Rd7 35. Nxc5
Bxc5 1-0

[Event "Mechanics' Summer TNM; G/2 d5"]
[Site "San Francisco"]
[Date "2018.07.03"]
[Round "6.14"]
[White "Gomboluudev, Enkhjin"]
[Black "McKellar, Daniel"]
[Result "1/2-1/2"]
[WhiteElo "1723"]
[BlackElo "1871"]
[PlyCount "73"]
[EventDate "2018.??.??"]
[Source "ChessBase"]
[SourceDate "2007.09.04"]

1. d4 d5 2. c4 c6 3. Nc3 Nf6 4. Nf3 e6 5. Bg5 dxc4 6. e4 b5 7. e5 h6 8. Bh4 g5
9. Nxg5 hxg5 10. Bxg5 Nbd7 11. g3 Bb7 12. Bg2 Qb6 13. exf6 O-O-O 14. O-O c5 15.
Bxb7+ Qxb7 16. dxc5 Bxc5 17. Qe2 {[#]} Rxh2 $4 18. Kxh2 Rh8+ 19. Bh4 Nxf6 20.
Kg1 Be7 21. Qe5 Rh5 22. Qf4 Rf5 23. Qe3 Bc5 24. Qe2 Rf3 25. Qe5 Rf5 26. Qxf5
exf5 27. Bxf6 Qf3 28. Be5 b4 29. Na4 Be3 30. Bd6 Bd4 31. Rad1 Bxf2+ 32. Kh2 Qe2
33. Kh1 Qf3+ 34. Kh2 Qe2 35. Kh3 Qg4+ 36. Kg2 Be3 37. Rde1 1/2-1/2

[Event "Mechanics' Spring TNM; G/2 d5"]
[Site "San Francisco"]
[Date "2018.05.08"]
[Round "8.18"]
[White "Gomboluudev, Enkhjin"]
[Black "Rakonitz, David"]
[Result "0-1"]
[WhiteElo "1712"]
[BlackElo "1595"]
[Annotator "Donaldson"]
[PlyCount "90"]
[EventDate "2018.??.??"]
[Source "ChessBase"]
[SourceDate "2007.09.04"]

1. d4 Nf6 2. c4 e6 3. Nf3 b6 4. Nc3 Bb7 5. Bg5 Be7 6. e3 O-O 7. Be2 (7. Bd3)
7... d5 8. O-O Nbd7 9. Qc2 Ne4 10. Bxe7 Qxe7 11. Nxe4 dxe4 12. Nd2 f5 13. f3
Qg5 14. Qb3 Nf6 15. f4 Qg6 16. Rac1 Rfc8 (16... Rac8) 17. c5 Bd5 18. Qa3 c6 19.
Nc4 b5 20. Nd6 Rcb8 21. Qa6 Ne8 22. Nxe8 Qxe8 23. b4 Qc8 24. Qxc8+ Rxc8 25. a4
a6 26. Ra1 Bb3 27. Bd1 Bc4 28. Re1 Rcb8 29. Bc2 Rb7 30. axb5 Bxb5 31. Bb3 Kf7
32. Kf2 Rab8 (32... Bd3 $1 33. Ba4 (33. Ra4 Rab8) 33... Rc8 {
and the b4 pawn falls.}) 33. Ba4 $13 Ke7 34. Bxb5 axb5 35. Ra6 Kd7 36. Rea1 (
36. g4 $1 fxg4 37. Rg1 h5 38. h3 {
White needs to open a second front to make progress.}) 36... Kc7 37. Rg1 Rg8
38. g4 g6 39. Kg3 Rbb8 40. Ra7+ Rb7 41. Rxb7+ $2 {White's rook is more active
and should not be traded for Black's passive one. Now the game should be drawn
as White has no way to break into Black's position.} Kxb7 42. Kh4 h6 43. Kg3
Ra8 44. h4 h5 45. gxf5 exf5 {
The position is equal but Black later lost on time.} 0-1

[Event "Mechanics' Winter TNM; G/2 d5"]
[Site "San Francisco"]
[Date "2018.01.23"]
[Round "3.32"]
[White "Gomboluudev, Enkhjin"]
[Black "Revi, Frank"]
[Result "1-0"]
[WhiteElo "1712"]
[BlackElo "1256"]
[PlyCount "59"]
[EventDate "2018.??.??"]
[Source "ChessBase"]
[SourceDate "2007.09.04"]

1. d4 Nf6 2. c4 e6 3. Bg5 Be7 4. Nc3 d5 5. Nf3 c5 6. dxc5 Nc6 7. cxd5 exd5 8.
e3 Be6 9. Rc1 O-O 10. Be2 a6 11. O-O Bxc5 12. Nxd5 Be7 13. Nxe7+ Qxe7 14. Bc4
Bg4 15. h3 Bh5 16. Be2 Rad8 17. Qb3 Rd6 18. Rfd1 Re6 19. a3 h6 20. Bh4 g5 21.
Bg3 Ne4 22. Bh2 g4 23. Nd4 Nxd4 24. Rxd4 Rf6 25. Bf4 Rf5 26. hxg4 Rb5 27. Bxb5
Bxg4 28. f3 Be6 29. Rxe4 axb5 30. Qxb5 {Black's flag fell in a lost position.}
1-0

[Event "Mechanics' Summer TNM; G/2 d5"]
[Site "San Francisco"]
[Date "2018.07.10"]
[Round "7.16"]
[White "Gomboluudev, Enkhjin"]
[Black "Walters, Kevin"]
[Result "0-1"]
[WhiteElo "1723"]
[BlackElo "1865"]
[PlyCount "100"]
[EventDate "2018.??.??"]
[Source "ChessBase"]
[SourceDate "2007.09.04"]

1. d4 Nf6 2. c4 e5 3. dxe5 Ng4 4. Nf3 Nc6 5. Bf4 Bb4+ 6. Nbd2 Qe7 7. a3 Ngxe5
8. Nxe5 Nxe5 9. e3 Bxd2+ 10. Qxd2 O-O 11. Be2 d6 12. Bxe5 Qxe5 13. Bf3 Be6 14.
Rc1 Rfd8 15. Qc3 c6 16. O-O Qxc3 17. Rxc3 d5 18. c5 d4 19. exd4 Rxd4 20. Re1
Rad8 21. Rce3 Rc4 22. b4 Kf8 23. h3 a5 24. Be2 Rc2 25. Rd3 Rxd3 26. Bxd3 Rc3
27. Rd1 Rxa3 28. b5 Bd5 29. f3 Rc3 30. bxc6 Bxc6 31. Be4 Bxe4 32. fxe4 Rxc5 33.
Kf2 Rc2+ 34. Kf3 b5 35. Rd5 Rb2 36. g4 a4 37. Rd3 Rb3 38. Ke2 Rxd3 39. Kxd3 a3
40. Kc3 b4+ 41. Kb3 Ke7 42. Ka2 Ke6 43. Kb3 Ke5 44. Ka2 Kxe4 45. Kb3 Kd3 46.
Ka2 Kc2 47. Ka1 b3 48. g5 b2+ 49. Ka2 b1=Q+ 50. Kxa3 Qb3# 0-1

[Event "Mechanics' Winter TNM; G/2 d5"]
[Site "San Francisco"]
[Date "2018.01.09"]
[Round "1.33"]
[White "Gomboluudev, Enkhjin"]
[Black "Zulkhuu, Jamyandagva"]
[Result "1-0"]
[WhiteElo "1712"]
[BlackElo "1175"]
[Annotator "Donaldson"]
[PlyCount "73"]
[EventDate "2018.??.??"]
[Source "ChessBase"]
[SourceDate "2007.09.04"]

1. d4 d5 2. c4 Nf6 3. Nf3 (3. cxd5 Nxd5 4. Nf3) 3... g6 4. Nc3 e6 $2 5. Bg5 Bg7
6. e3 Nbd7 $2 7. cxd5 exd5 8. Nxd5 c6 9. Nc3 Qb6 10. Qc2 O-O 11. Bc4 Qb4 12.
Bb3 b6 13. O-O Bb7 14. Rfe1 c5 15. a3 Qa5 16. d5 b5 17. Rad1 c4 18. Ba2 Rfe8
19. e4 Ne5 20. Nxe5 Rxe5 21. Bf4 Rh5 22. e5 Ne8 23. d6 Qd8 24. Nxb5 Qh4 25. Bg3
Qg5 26. Qxc4 Nf6 27. Qxf7+ Kh8 28. Qxb7 Re8 29. exf6 Rxe1+ 30. Rxe1 Qxf6 31.
Re8+ Bf8 32. Qf7 Qxf7 33. Bxf7 Kg7 34. d7 Rc5 35. Nc3 Kxf7 36. d8=Q Kg7 37.
Rxf8 1-0

[Event "Mechanics' Winter TNM; G/2 d5"]
[Site "San Francisco"]
[Date "2018.01.30"]
[Round "4.13"]
[White "Goodkind, Lauren"]
[Black "Gomboluudev, Enkhjin"]
[Result "1-0"]
[WhiteElo "1849"]
[BlackElo "1712"]
[PlyCount "71"]
[EventDate "2018.??.??"]
[Source "ChessBase"]
[SourceDate "2007.09.04"]

1. e4 e6 2. d4 d5 3. exd5 exd5 4. h3 Bd6 5. Nf3 Bf5 6. Bd3 Ne7 7. O-O O-O 8.
Nc3 c6 9. Ne2 Qc7 10. Bg5 f6 11. Bh4 Nd7 12. Rc1 Nb6 13. Qd2 Rad8 14. Bg3 Be4
15. Nh2 Ng6 16. b3 Rfe8 17. c4 Bxg3 18. Nxg3 Bxd3 19. Qxd3 dxc4 20. bxc4 Ne5
21. Qc3 Nexc4 22. Nf3 Nd6 23. Qb3+ Kh8 24. d5 c5 25. Nd4 c4 26. Qf3 Qf7 27. Ne6
Rd7 28. Rfe1 g6 29. Red1 c3 30. Qxc3 Nxd5 31. Rxd5 Rxe6 32. Rcd1 Rc7 33. Qd4
Nc8 34. Rd8+ Kg7 35. Qg4 Re8 $4 (35... Rc5 $14) 36. Nf5+ 1-0

[Event "Mechanics' Shipman TNM; G/2 d/5"]
[Site "San Francisco"]
[Date "2018.08.14"]
[Round "2.9"]
[White "Gossiaux, Ryan"]
[Black "Clemens, Kristian"]
[Result "0-1"]
[WhiteElo "1703"]
[BlackElo "2014"]
[PlyCount "78"]
[EventDate "2018.??.??"]
[Source "ChessBase"]
[SourceDate "2007.09.04"]

1. e4 e5 2. Nf3 Nf6 3. Nxe5 d6 4. Nf3 Nxe4 5. Nc3 Nf6 6. d4 Be7 7. Bf4 Nbd7 8.
Qd2 Nf8 9. d5 Bf5 10. Bb5+ Bd7 11. Bc4 Ng6 12. O-O-O Nxf4 13. Qxf4 Ng4 14. Rde1
O-O 15. Ne4 f5 16. Neg5 Nxf2 17. Rhf1 Ng4 18. Ne6 Bxe6 19. dxe6 Kh8 20. h3 Nh6
21. Kb1 Ng8 22. h4 d5 23. Bb3 Bd6 24. Qd4 c6 25. Ng5 Nh6 26. Rf3 Qe7 27. Rfe3
Bc5 28. Qe5 Bxe3 29. Qxe3 Ng4 30. Qe2 h6 31. Nf7+ Kh7 32. c4 d4 33. c5 Rfe8 34.
Bc2 Ne3 35. Qf2 Qxe6 36. Rxe3 dxe3 37. Bxf5+ g6 38. Bxg6+ Kxg6 39. Qg3+ Kxf7
0-1

[Event "Mechanics' Shipman TNM; G/2 d/5"]
[Site "San Francisco"]
[Date "2018.09.25"]
[Round "8.6"]
[White "Gossiaux, Ryan"]
[Black "Diaz, Conrado"]
[Result "0-1"]
[WhiteElo "1703"]
[BlackElo "2343"]
[PlyCount "144"]
[EventDate "2018.??.??"]
[Source "ChessBase"]
[SourceDate "2007.09.04"]

1. e4 e6 2. d4 d5 3. Nd2 c5 4. Ngf3 Nc6 5. Bb5 Nf6 6. e5 Nd7 7. c3 cxd4 8. cxd4
Qb6 9. Bxc6 bxc6 10. O-O Ba6 11. Re1 c5 12. Nb3 c4 13. Nbd2 Be7 14. Nb1 h6 15.
Nc3 O-O 16. Rb1 Rfc8 17. g4 Qd8 18. Kh1 Nf8 19. Rg1 Nh7 20. h3 Rab8 21. g5 hxg5
22. Nxg5 Nxg5 23. Qg4 g6 24. Bxg5 Bxg5 25. Qxg5 Qxg5 26. Rxg5 Kg7 27. Kh2 Rb4
28. f4 Kf8 29. Rg2 Ke7 30. Kg3 Bb7 31. Rh2 Bc6 32. Kf3 a5 33. Ke3 Rcb8 34. Kf3
a4 35. a3 Rb3 36. Rc2 Rh8 37. Kg4 Bd7 38. Rh1 Rh5 39. Rch2 Rb8 40. Rf1 Rbh8 41.
Rf3 Rh4+ 42. Kg3 Bc6 43. Rff2 g5 44. fxg5 Rxd4 45. h4 Rd3+ 46. Rf3 Rxf3+ 47.
Kxf3 d4+ 48. Ne4 d3 49. Ke3 Bxe4 50. Kxe4 d2 51. Rxd2 Rxh4+ 52. Kf3 c3 53. bxc3
Rh3+ 54. Ke4 Rxc3 55. Rd3 Rc7 56. Rd4 Ra7 57. Kf3 Kf8 58. Ke4 Kg7 59. Kf4 Ra5
60. Re4 Kg6 61. Kg4 Ra6 62. Rd4 Ra5 63. Re4 Ra8 64. Rf4 Rh8 65. Rxa4 Rh5 66.
Re4 Rxg5+ 67. Kf4 Rf5+ 68. Ke3 Rf1 69. a4 Kf5 70. Kd3 Rf3+ 71. Re3 Rxe3+ 72.
Kxe3 Kxe5 0-1

[Event "Mechanics' Shipman TNM; G/2 d/5"]
[Site "San Francisco"]
[Date "2018.09.11"]
[Round "6.4"]
[White "Gossiaux, Ryan"]
[Black "Gaffagan, Steven"]
[Result "0-1"]
[WhiteElo "1703"]
[BlackElo "2084"]
[PlyCount "68"]
[EventDate "2018.??.??"]
[Source "ChessBase"]
[SourceDate "2007.09.04"]

1. e4 c5 2. Nf3 e6 3. d4 cxd4 4. Nxd4 Nc6 5. Nc3 Qc7 6. g3 a6 7. Bg2 d6 8. O-O
Nf6 9. Nb3 Be7 10. f4 O-O 11. g4 Nd7 12. g5 Re8 13. a3 b5 14. f5 Nde5 15. f6
Bf8 16. fxg7 Bxg7 17. Qh5 Rb8 18. Rf4 Ng6 19. Rf3 Nce5 20. Rh3 Nf8 21. Bf1 Bb7
22. Bf4 Neg6 23. Bd2 d5 24. Bd3 Qb6+ 25. Kh1 dxe4 26. Nxe4 Bd5 27. Re1 Rbc8 28.
Be3 Qd8 29. Kg1 Bxe4 30. Bxe4 Rc4 31. Bd3 Rc6 32. Rf1 Rd6 33. Bc5 Rd5 34. Bxf8
Rxg5+ 0-1

[Event "Mechanics' Walter Shipman TNM G/2 d/5"]
[Site "San Francisco"]
[Date "2018.10.02"]
[Round "9.9"]
[White "Gossiaux, Ryan"]
[Black "Lavi, Eilon"]
[Result "0-1"]
[WhiteElo "1703"]
[BlackElo "2038"]
[PlyCount "102"]
[EventDate "2018.??.??"]
[Source "ChessBase"]
[SourceDate "2007.09.04"]

1. e4 c5 2. Nf3 d6 3. d4 cxd4 4. Nxd4 Nf6 5. Nc3 g6 6. Be3 Bg7 7. f3 O-O 8. Qd2
Nc6 9. O-O-O d5 10. Qe1 e5 11. Nxc6 bxc6 12. exd5 Nxd5 13. Ne4 Qc7 14. Bc5 Rd8
15. g4 Be6 16. h4 Nf6 17. Bd6 Qb6 18. Nxf6+ Bxf6 19. Bxe5 Rxd1+ 20. Kxd1 Rd8+
21. Bd3 Bxe5 22. Qxe5 Bc4 23. Ke2 Qa6 24. Rd1 Qxa2 25. Qc3 Bxd3+ 26. Rxd3 Qe6+
27. Re3 Qd6 28. Qe5 Qd2+ 29. Kf1 Qxc2 30. Re2 Qc4 31. Kg2 Qd5 32. Qxd5 cxd5 33.
Re7 a6 34. Ra7 Rd6 35. Ra8+ Kg7 36. Kf2 Rb6 37. b4 Kf6 38. Rd8 Ke5 39. Rd7 f5
40. gxf5 gxf5 41. Rxh7 Rxb4 42. Ra7 Kf4 43. Rxa6 Rb2+ 44. Ke1 Kxf3 45. Rd6 Ke4
46. Re6+ Kf4 47. h5 Rh2 48. h6 d4 49. Rd6 Ke4 50. Kf1 Ke3 51. Kg1 Rh5 0-1

[Event "Mechanics' Shipman TNM; G/2 d/5"]
[Site "San Francisco"]
[Date "2018.08.28"]
[Round "4.12"]
[White "Gossiaux, Ryan"]
[Black "Wonsever, James"]
[Result "1-0"]
[WhiteElo "1703"]
[BlackElo "1933"]
[PlyCount "38"]
[EventDate "2018.??.??"]
[Source "ChessBase"]
[SourceDate "2007.09.04"]

1. e4 c5 2. Nf3 e6 3. d4 cxd4 4. Nxd4 Nc6 5. Nc3 Nf6 6. Ndb5 d6 7. Bf4 e5 8.
Bg5 a6 9. Na3 b5 10. Nd5 Be7 11. Bxf6 Bxf6 12. c4 b4 13. Nc2 Rb8 14. b3 Bg5 15.
g3 O-O 16. h4 Bh6 17. Bh3 Be6 18. Kf1 Qd7 19. Kg2 g6 $4 1-0

[Event "Mechanics' Bedjanian TNM; G/2 d/5"]
[Site "San Francisco"]
[Date "2018.11.13"]
[Round "4.15"]
[White "Gray, William"]
[Black "Boldi, Nicholas"]
[Result "1-0"]
[WhiteElo "1961"]
[BlackElo "1482"]
[Annotator "Winslow,Elliott"]
[PlyCount "69"]
[EventDate "2018.??.??"]
[Source "ChessBase"]
[SourceDate "2007.09.04"]

1. e4 e6 2. d4 d5 3. Nd2 Nf6 4. Bd3 c5 5. c3 Nc6 6. Ngf3 Qb6 7. O-O cxd4 8.
cxd4 Nxd4 9. Nxd4 Qxd4 10. Nf3 Qb6 11. e5 Nd7 12. Qc2 (12. Qa4 Qb4 13. Qc2 Qc5
(13... Nc5) (13... h6)) 12... h6 13. Bd2 (13. Bf4 $5) 13... Bc5 $2 (13... Be7)
14. b4 Be7 15. Rac1 Qd8 (15... O-O 16. a3 Qd8 17. Rb1 {
0-1 57, Isherwood - Sanchez Castillo, Gibraltar 2014}) 16. Qb2 Nb6 17. Qd4 Bg5
18. h4 Bxd2 19. Nxd2 O-O 20. Bb1 f5 21. exf6 Rxf6 22. Nf3 Qf8 23. Ne5 Rf4 24.
Qd3 Qf5 25. Qe2 Qf6 26. Qh5 Bd7 27. Ng4 Qd4 28. Rfd1 Qxb4 29. Nxh6+ Kf8 30. g3
Rf6 31. Ng4 Rf7 32. Ne5 Rf6 33. Qh8+ Ke7 34. Qxg7+ Kd6 35. Qxf6 {and won} 1-0

[Event "Mechanics' Bedjanian TNM; G/2 d/5"]
[Site "San Francisco"]
[Date "2018.11.20"]
[Round "5.7"]
[White "Gray, William"]
[Black "Gaffagan, Steven"]
[Result "0-1"]
[WhiteElo "1961"]
[BlackElo "2083"]
[Annotator "Winslow,Elliott"]
[PlyCount "56"]
[EventDate "2018.??.??"]
[Source "ChessBase"]
[SourceDate "2007.09.04"]

1. e4 c5 2. Nc3 Nc6 3. f4 e6 4. Nf3 a6 5. d4 cxd4 6. Nxd4 Qc7 7. Be3 d6 8. Be2
Nf6 9. O-O Be7 10. Qe1 (10. Kh1 O-O 11. a4 Re8) 10... O-O 11. Rd1 (11. Qg3)
11... Bd7 12. Qg3 Nxd4 13. Rxd4 $5 (13. Bxd4 {is maybe ten times more common
and scores better; the pressure on g7 could be a factor.}) 13... Bc6 14. Bf3
$146 (14. e5 Ne8 (14... dxe5 15. fxe5 Nd7 16. Rg4 g6) 15. Bd3 g6 16. Kh1 Rd8
17. Ne4 Bxe4 18. exd6 Rxd6 19. Rxe4 Ng7 20. Rc4 Qa5 21. Qe1 Qd8 22. Qf2 b5 23.
Rd4 Rxd4 24. Bxd4 Qd5 25. Bxg7 Kxg7 26. Qa7 Qd6 27. b3 Bf6 28. a4 Bd4 29. Qb7
Rb8 30. Qf3 bxa4 31. bxa4 Rb4 32. h4 Rxa4 33. h5 Ra5 34. g4 gxh5 35. g5 Ra1 36.
Rxa1 Bxa1 37. Qe4 a5 38. Qxh7+ Kf8 39. Qe4 Bd4 40. Kg2 a4 41. c3 Bxc3 42. Bc4
Qd2+ 43. Kh3 Bd4 44. g6 Qc3+ 45. Qd3 fxg6 46. Qxc3 Bxc3 47. Bxe6 Ke7 48. Ba2
Bd2 49. Kg3 a3 50. Kf3 Kf6 51. Bb1 h4 52. Kg4 h3 53. Kxh3 Bxf4 {
0-1 (53) Planinc,A-Larsen,B (2615) Ljubljana/Portoroz 1977}) 14... Rac8 15. Kh1
b5 16. a3 a5 17. e5 Ne8 18. Rfd1 dxe5 19. fxe5 Bc5 20. R4d3 Bxf3 21. Qxf3 Qxe5
22. Bf4 Qf5 23. Qb7 $4 (23. Nxb5 Nf6 24. Bg3 Ne4 25. Be1 {keeps the peace})
23... Nf6 24. Rf3 (24. Bg3 b4 25. axb4 axb4 26. Na4 Ne4 27. Nxc5 Nxg3+ 28. Rxg3
Qxc2) 24... Qxc2 25. Rdf1 (25. Qxb5 Ne4 26. Rdf1 Nf2+ 27. Kg1 Ng4+ 28. Kh1 e5
29. Bg3 e4) 25... Bd4 (25... b4 $1) 26. Nxb5 Qxb2 27. Qa6 Qe2 28. Qxa5 Rc2 0-1

[Event "Mechanics' Summer TNM; G/2 d5"]
[Site "San Francisco"]
[Date "2018.06.26"]
[Round "5.18"]
[White "Gray, William"]
[Black "Perlov, Alexander"]
[Result "1-0"]
[WhiteElo "1989"]
[BlackElo "1662"]
[PlyCount "34"]
[EventDate "2018.??.??"]
[Source "ChessBase"]
[SourceDate "2007.09.04"]

1. e4 d5 2. exd5 Qxd5 3. Nf3 Bg4 4. Be2 Nc6 5. c4 Qf5 6. d4 O-O-O 7. Be3 Nf6 8.
h3 Bxf3 9. Bxf3 Qd7 10. d5 Ne5 11. Be2 e6 12. f4 Ng6 13. Nc3 h5 14. Qb3 Bd6 15.
c5 Bxf4 16. c6 Bg3+ 17. Kf1 bxc6 1-0

[Event "Mechanics' Summer TNM; G/2 d5"]
[Site "San Francisco"]
[Date "2018.07.10"]
[Round "7.13"]
[White "Gray, William"]
[Black "Rakonitz, David"]
[Result "1/2-1/2"]
[WhiteElo "1989"]
[BlackElo "1749"]
[PlyCount "41"]
[EventDate "2018.??.??"]
[Source "ChessBase"]
[SourceDate "2007.09.04"]

1. e4 e6 2. d4 d5 3. Nd2 a6 4. Bd3 c5 5. c3 Nc6 6. Ne2 cxd4 7. cxd4 dxe4 {
The scoresheets say "6...PxP 7.PxP PxP" -- <ahem>} 8. Nxe4 Nf6 9. O-O Be7 10.
a3 O-O 11. Ng5 h6 12. Nf3 b5 13. Bc2 Bb7 14. Qd3 Na5 15. Ng3 Qd5 16. Re1 Qc4
17. Qd1 Rac8 18. Bb1 Rfd8 19. Be3 Qb3 20. Qe2 Qc4 21. Bd3 1/2-1/2

[Event "Mechanics' Spring TNM; G/2 d5"]
[Site "San Francisco"]
[Date "2018.03.20"]
[Round "1.15"]
[White "Gray, William"]
[Black "Regzedmaa, Ganhuya"]
[Result "1-0"]
[WhiteElo "1982"]
[BlackElo "1473"]
[PlyCount "41"]
[EventDate "2018.??.??"]
[Source "ChessBase"]
[SourceDate "2007.09.04"]

1. e4 c6 2. c4 e6 3. Nc3 d6 4. d4 Nf6 5. f4 Be7 6. Nf3 h6 7. Bd3 Na6 8. O-O Nb4
9. Bb1 Bd7 10. e5 dxe5 11. fxe5 Nh7 12. a3 Na6 13. Ne4 O-O 14. Qd3 f5 15. exf6
Nxf6 16. Nxf6+ Bxf6 17. Ne5 Re8 18. Qh7+ Kf8 {Diagram [#]} 19. Rxf6+ (19. Bxh6
{is similar.}) 19... Qxf6 20. Nxd7+ Ke7 21. Nxf6 1-0